000 00350nam a2200157Ia 4500
003 Ost
005 20260225132549.0
008 260225s9999||||xx |||||||||||||| ||und||
040 _cfsic
041 _afre
082 _a440
100 _aMouloud mammeri
_eAuteur
245 0 _aCheikh mohamed a dit /
245 0 _cMouloud mammeri
942 _cكتاب
999 _c34039
_d34039